Triviálne heslá radšej nepoužívajte
Používanie počítačov a otázka bezpečnosti dát. Ako ochrániť informácie v počítači pred zneužitím. Vytvorenie a overenie bezpečného hesla. Nástroje hackerov pri testovaní znakov a hesiel. Útoky s názvom "Brute Force". Najpoužívanejšie heslá internetu vo svete a na Slovensku.
Gespeichert in:
| 1. Verfasser: | |
|---|---|
| Format: | Buchkapitel |
| Sprache: | Slowakisch |
| Schlagworte: | |
| Tags: |
Keine Tags, Fügen Sie das erste Tag hinzu!
|
MARC
| LEADER | 00000naa$a2200000$$$4500 | ||
|---|---|---|---|
| 001 | 0113131 | ||
| 005 | 20240502072246.0 | ||
| 041 | 0 | |a slo | |
| 044 | |a SK | ||
| 245 | 1 | 0 | |a Triviálne heslá radšej nepoužívajte |c Juraj Mišún |
| 520 | |a Používanie počítačov a otázka bezpečnosti dát. Ako ochrániť informácie v počítači pred zneužitím. Vytvorenie a overenie bezpečného hesla. Nástroje hackerov pri testovaní znakov a hesiel. Útoky s názvom "Brute Force". Najpoužívanejšie heslá internetu vo svete a na Slovensku. | ||
| 610 | 2 | 0 | |a siete počítačové |
| 610 | 2 | 0 | |a distribúcia informácií |
| 610 | 2 | 0 | |a internet |
| 610 | 2 | 0 | |a pošta elektronická |
| 610 | 2 | 0 | |a ochrana dát |
| 610 | 2 | 0 | |a kódovanie |
| 610 | 2 | 0 | |a bezpečnosť informačná |
| 100 | 1 | |a Mišún, Juraj, 1978- | |